Lettere Di Un Massone Al Papa'

Uloženo v:
Podrobná bibliografie
Hlavní autor: Giuseppe Mannino
Médium: Kniha
Jazyk:neznámý jazyk
Vydáno: Editrice De Ilo Vespro
Tagy: Přidat tag
Žádné tagy, Buďte první, kdo vytvoří štítek k tomuto záznamu!

MARC

LEADER 00000nam a2200000Ia 4500
001 R-994
003 CODICE-MESSINA
005 20260212102500.0
008 260211s9999 xx 000 0 und d
040 |c importazione_messina 
100 |a Giuseppe Mannino 
245 0 |a Lettere Di Un Massone Al Papa' 
260 |b Editrice De Ilo Vespro 
942 |2 ddc  |c BK 
952 |0 0  |1 0  |2 ddc  |4 0  |6 SCAFFALE_10_000000000000000__ROMANZI  |7 0  |9 31823  |a ME  |b ME  |d 2026-02-11  |l 0  |o SCAFFALE 10 - ROMANZI  |p R-994  |r 2026-02-11 23:52:48  |w 2026-02-11  |x [REVISIONARE]  |y BK 
999 |c 27488  |d 27488